مكتبة جامعة عجلون الوطنية

فهرس بحث المكتبة

Normal view MARC view
  • الغزال، يويف عمر

Entry Personal Name

Number of records used in: 1

001 - CONTROL NUMBER

  • control field: 41032

003 - CONTROL NUMBER IDENTIFIER

  • control field: JO-AjAnu

005 - DATE AND TIME OF LATEST TRANSACTION

  • control field: 20230606080821.0

008 - FIXED-LENGTH DATA ELEMENTS

  • fixed length control field: 230606|| aca||aabn | a|a d

040 ## - CATALOGING SOURCE

  • Original cataloging agency: JO-AjAnu
  • Transcribing agency: JO-AjAnu

100 ## - HEADING--PERSONAL NAME

  • Personal name: الغزال، يويف عمر

670 ## - SOURCE DATA FOUND

  • Source citation: Work cat.: (JO-AjAnu)21029: الغزال، يويف عمر, author, ليبيا ملتقى المشرق العربي: قراءة في الثقافة السائدة بالمنطقة الوسطى